<?xml version="1.0" encoding="UTF-8"?>
<record
    xmlns:xsi="http://www.w3.org/2001/XMLSchema-instance"
    xsi:schemaLocation="http://www.loc.gov/MARC21/slim http://www.loc.gov/standards/marcxml/schema/MARC21slim.xsd"
    xmlns="http://www.loc.gov/MARC21/slim">

  <leader>01486nam a2200349 a 4500</leader>
  <controlfield tag="001">000014203</controlfield>
  <controlfield tag="003">DO-SdBNP</controlfield>
  <controlfield tag="005">20220309125128.0</controlfield>
  <controlfield tag="007">ta</controlfield>
  <controlfield tag="008">091207s2003    dr            000 0aspa d</controlfield>
  <datafield tag="040" ind1=" " ind2=" ">
    <subfield code="a">DO-SdBNP</subfield>
    <subfield code="b">spa</subfield>
    <subfield code="c">BPMSU</subfield>
  </datafield>
  <datafield tag="082" ind1=" " ind2="4">
    <subfield code="a">920.71</subfield>
    <subfield code="b">M378F 2003</subfield>
    <subfield code="2">22</subfield>
  </datafield>
  <datafield tag="100" ind1="1" ind2=" ">
    <subfield code="a">Ferrer Canales, Jos&#xE9;</subfield>
  </datafield>
  <datafield tag="245" ind1="1" ind2="0">
    <subfield code="a">Imagen de Jos&#xE9; Mart&#xED; en don Fernando de Los R&#xED;os /</subfield>
    <subfield code="c">Jos&#xE9;  Ferrer Canales ; director Di&#xF3;genes C&#xE9;spedes ; introducci&#xF3;n Carmen Dur&#xE1;n.</subfield>
  </datafield>
  <datafield tag="260" ind1=" " ind2=" ">
    <subfield code="a">Santo Domingo :</subfield>
    <subfield code="b">Biblioteca Nacional Pedro Henr&#xED;quez Ure&#xF1;a,</subfield>
    <subfield code="c">2003.</subfield>
  </datafield>
  <datafield tag="300" ind1=" " ind2=" ">
    <subfield code="a">26 p. ;</subfield>
    <subfield code="c">19 cm.</subfield>
  </datafield>
  <datafield tag="490" ind1="0" ind2=" ">
    <subfield code="a">Biblioteca Nacional "Pedro Henr&#xED;quez Ure&#xF1;a" ;</subfield>
    <subfield code="a">Monograf&#xED;a,</subfield>
    <subfield code="v">4</subfield>
  </datafield>
  <datafield tag="500" ind1=" " ind2=" ">
    <subfield code="a">Incluye datos biogr&#xE1;ficos del  autor  en la contracubierta.</subfield>
  </datafield>
  <datafield tag="500" ind1=" " ind2=" ">
    <subfield code="a">Monograf&#xED;a 4 "Para la Libertad"</subfield>
  </datafield>
  <datafield tag="504" ind1=" " ind2=" ">
    <subfield code="a">Incluye referencias bibliogr&#xE1;ficas y notas al pie de las p&#xE1;ginas</subfield>
  </datafield>
  <datafield tag="505" ind1="0" ind2=" ">
    <subfield code="a">Duarte y Mart&#xED; /</subfield>
    <subfield code="r">Carmen Dur&#xE1;n --</subfield>
    <subfield code="t"> Imagen de Jos&#xE9; Mart&#xED; en don Fernando de Los R&#xED;os.</subfield>
  </datafield>
  <datafield tag="590" ind1=" " ind2=" ">
    <subfield code="6">Inventariado, 2022/VM</subfield>
  </datafield>
  <datafield tag="600" ind1="1" ind2="4">
    <subfield code="a">Mart&#xED;, Jos&#xE9;,</subfield>
    <subfield code="d">1853-1895  </subfield>
    <subfield code="x">Homenajes.</subfield>
  </datafield>
  <datafield tag="600" ind1="1" ind2="4">
    <subfield code="a">Rios Urruti, Fernando de los,</subfield>
    <subfield code="d">1879-1949</subfield>
  </datafield>
  <datafield tag="651" ind1=" " ind2="4">
    <subfield code="a">Caribe (Regi&#xF3;n) </subfield>
    <subfield code="v">Ensayos, conferencias, etc.  </subfield>
  </datafield>
  <datafield tag="651" ind1=" " ind2="4">
    <subfield code="a">Cuba</subfield>
    <subfield code="v">Ensayos, conferencias, etc .</subfield>
  </datafield>
  <datafield tag="700" ind1="1" ind2=" ">
    <subfield code="a">C&#xE9;spedes, Di&#xF3;genes,</subfield>
    <subfield code="d">1941-</subfield>
    <subfield code="e">direcci&#xF3;n </subfield>
  </datafield>
  <datafield tag="700" ind1="1" ind2=" ">
    <subfield code="a">Dur&#xE1;n, Carmen,</subfield>
    <subfield code="e">introducci&#xF3;n </subfield>
  </datafield>
  <datafield tag="710" ind1="2" ind2=" ">
    <subfield code="a">Biblioteca Nacional Pedro Henr&#xED;quez Ure&#xF1;a (Rep&#xFA;blica Dominicana)</subfield>
  </datafield>
  <datafield tag="910" ind1=" " ind2=" ">
    <subfield code="a">VMateo V. </subfield>
  </datafield>
  <datafield tag="942" ind1=" " ind2=" ">
    <subfield code="2">ddc</subfield>
    <subfield code="c">BK</subfield>
  </datafield>
  <datafield tag="952" ind1=" " ind2=" ">
    <subfield code="0">0</subfield>
    <subfield code="1">0</subfield>
    <subfield code="2">ddc</subfield>
    <subfield code="4">0</subfield>
    <subfield code="7">0</subfield>
    <subfield code="8">CD</subfield>
    <subfield code="a">BPMET</subfield>
    <subfield code="b">BPMET</subfield>
    <subfield code="d">2022-03-09</subfield>
    <subfield code="e">BNPHU</subfield>
    <subfield code="l">0</subfield>
    <subfield code="o">BPMSU CD 920.71 M378F 2003</subfield>
    <subfield code="p">BPMSU22030014</subfield>
    <subfield code="r">2022-03-09</subfield>
    <subfield code="w">2022-03-09</subfield>
    <subfield code="y">BK</subfield>
  </datafield>
  <datafield tag="999" ind1=" " ind2=" ">
    <subfield code="c">14054</subfield>
    <subfield code="d">14054</subfield>
  </datafield>
</record>
